[Event "10th American Continental"]
[Site "Montevideo URU"]
[Date "2015.05.20"]
[Round "7.20"]
[White "Starke, Bruno Orlando"]
[Black "Cori T., Deysi"]
[Result "1-0"]
[BlackTitle "WGM"]
[WhiteElo "2133"]
[BlackElo "2431"]
[WhiteFideId "2128713"]
[BlackFideId "3801934"]
[EventDate "2015.05.15"]
[EventType "swiss"]

1. Nf3 Nf6 2. c4 g6 3. Nc3 Bg7 4. g3 O-O 5. Bg2 d6 6. d4 Nbd7 7. O-O c5 8. e4
cxd4 9. Nxd4 Ne5 10. b3 Bd7 11. h3 Qc8 12. Kh2 a6 13. Bg5 Nc6 14. Nde2 h6 15.
Be3 Qd8 16. Qd2 Kh7 17. Rad1 Rb8 18. f4 Qa5 19. Nd5 Nxd5 20. exd5 Nb4 21. Nd4
Qa3 22. f5 Rbc8 23. Rf2 b5 24. cxb5 axb5 25. Be4 Na6 26. fxg6+ fxg6 27. Bxg6+
Kg8 28. Nf5 Bxf5 29. Bxf5 Rxf5 30. Rxf5 Nb4 31. Qe2 Qxa2 32. Rd2 Qb1 33. Rf1 Qg6
34. Rf4 Nc2 35. Rg4 Qh7 36. Bf2 Rc7 37. Re4 Na1 38. Rxe7 Rxe7 39. Qxe7 Nxb3 40.
Qe8+ 1-0

[Event "10th American Continental"]
[Site "Montevideo URU"]
[Date "2015.05.20"]
[Round "7.21"]
[White "Terry, Renato"]
[Black "Monteiro, Artur Fernando"]
[Result "1-0"]
[WhiteTitle "FM"]
[WhiteElo "2464"]
[BlackElo "1972"]
[WhiteFideId "3803457"]
[BlackFideId "2108380"]
[EventDate "2015.05.15"]
[EventType "swiss"]

1. d4 Nf6 2. Bg5 Ne4 3. Bf4 d5 4. Nd2 Bf5 5. Nxe4 Bxe4 6. f3 Bg6 7. c3 e6 8. Qb3
Qc8 9. h4 h5 10. Nh3 Bd6 11. Bxd6 cxd6 12. Nf4 Bf5 13. e3 Nc6 14. Rc1 Ke7 15.
Kf2 b5 16. Bxb5 a6 17. Be2 Qc7 18. Qa3 g6 19. c4 dxc4 20. Rxc4 Qb6 21. e4 Ne5
22. Rb4 Qa7 23. exf5 a5 24. Ra4 gxf5 25. Qe3 Qd7 26. b3 Ng6 27. Nxg6+ fxg6 28.
Rc1 Rhc8 29. Rac4 Kf7 30. Qh6 Rxc4 31. Rxc4 Ra7 32. Qh7+ Kf6 33. Qh8+ Qg7 34.
Qxg7+ Kxg7 35. Ra4 1-0

[Event "10th American Continental"]
[Site "Montevideo URU"]
[Date "2015.05.20"]
[Round "7.22"]
[White "Menna Barreto, Felipe Kubiaki"]
[Black "Barbosa, Evandro Amorim"]
[Result "0-1"]
[WhiteTitle "FM"]
[BlackTitle "IM"]
[WhiteElo "2271"]
[BlackElo "2438"]
[WhiteFideId "2119757"]
[BlackFideId "2115824"]
[EventDate "2015.05.15"]
[EventType "swiss"]

1. d4 Nf6 2. c4 g6 3. Nc3 d5 4. Bf4 Bg7 5. e3 O-O 6. Rc1 c5 7. dxc5 Be6 8. Nf3
Nc6 9. Ng5 Bg4 10. f3 e5 11. cxd5 exf4 12. dxc6 Qe7 13. Bc4 Qxc5 14. Bxf7+ Rxf7
15. Nxf7 bxc6 16. fxg4 Qxe3+ 17. Kf1 Nxg4 18. Qe1 Qc5 19. Nh6+ Nxh6 20. Qe6+ Kh8
21. Ne2 Qf8 22. Qxc6 Re8 23. h4 Nf5 24. Qc5 Qf7 25. Rh3 Ng3+ 26. Nxg3 fxg3+ 27.
Kg1 Qf4 28. Rd1 Bd4+ 0-1

[Event "10th American Continental"]
[Site "Montevideo URU"]
[Date "2015.05.20"]
[Round "7.23"]
[White "Teixeira, Ricardo da Silva"]
[Black "Quintiliano Pinto, Renato R."]
[Result "0-1"]
[WhiteTitle "FM"]
[BlackTitle "FM"]
[WhiteElo "2223"]
[BlackElo "2411"]
[WhiteFideId "2100126"]
[BlackFideId "2117568"]
[EventDate "2015.05.15"]
[EventType "swiss"]

1. d4 d5 2. Nf3 e6 3. g3 Nf6 4. Bg2 Be7 5. O-O O-O 6. c4 dxc4 7. Qc2 a6 8. a4
Bd7 9. Ne5 Bc6 10. Nxc6 Nxc6 11. e3 Na5 12. Nd2 c6 13. Nxc4 Nxc4 14. Qxc4 a5 15.
b3 Bd6 16. e4 Nd7 17. Bb2 Nb6 18. Qe2 Qe7 19. Qe3 Rfe8 20. Rac1 Nd7 21. Rfd1 Ba3
22. Qc3 Bxb2 23. Qxb2 Nf6 24. Rc5 Nd7 25. Rc2 Nf6 26. Qc3 Qd8 27. b4 axb4 28.
Qxb4 Re7 29. Rcd2 Rd7 30. e5 Ne8 31. Ra1 Ra5 32. Rc1 Qa8 33. Rc4 g6 34. Ra2 Nc7
35. Rc5 Ra7 36. Rc4 Ra5 37. h4 Nd5 38. Bxd5 Raxd5 39. Rb2 b5 40. axb5 cxb5 41.
Rc1 Rxd4 42. Qe1 Qf3 43. Rc3 Qb7 44. Rb1 R7d5 45. Rcb3 Qb8 46. Qe2 b4 47. Kh2
Rxe5 48. Rxb4 Qxb4 49. Qxe5 Rxh4+ 50. gxh4 Qxb1 51. Kg3 Qd3+ 52. f3 Qf5 53. Qc7
Qf6 54. Qc5 h6 55. Qc6 Kg7 56. Qb7 Qf5 57. Qb2+ e5 58. Qb7 h5 59. Qe7 Qf6 60.
Qb7 Qf4+ 61. Kh3 e4 62. fxe4 Qg4+ 63. Kh2 Qxh4+ 64. Kg2 Qg4+ 65. Kf1 h4 66. Qd5
Qf4+ 67. Ke2 h3 68. Qd4+ Kh7 0-1

[Event "10th American Continental"]
[Site "Montevideo URU"]
[Date "2015.05.20"]
[Round "7.24"]
[White "Martinez Romero, Martin"]
[Black "Valenzuela Gomez, Fernando"]
[Result "1-0"]
[WhiteTitle "IM"]
[WhiteElo "2404"]
[BlackElo "2282"]
[WhiteFideId "4404025"]
[BlackFideId "3409392"]
[EventDate "2015.05.15"]
[EventType "swiss"]

1. e4 e6 2. d4 d5 3. Nc3 Nf6 4. Bg5 Bb4 5. e5 h6 6. Bd2 Bxc3 7. bxc3 Ne4 8. Qg4
Kf8 9. Bd3 Nxd2 10. Kxd2 Qg5+ 11. Qxg5 hxg5 12. Nh3 f6 13. f4 gxf4 14. Nxf4 Rh6
15. g4 Nc6 16. g5 fxg5 17. Ng6+ Ke8 18. Raf1 Nd8 19. Rf8+ Kd7 20. Rg8 b6 21.
Bb5+ c6 22. Rxg7+ Nf7 23. Rxf7+ 1-0

[Event "10th American Continental"]
[Site "Montevideo URU"]
[Date "2015.05.20"]
[Round "7.25"]
[White "Markzon, Gregory"]
[Black "Pierrot, Facundo"]
[Result "1-0"]
[WhiteTitle "FM"]
[BlackTitle "IM"]
[WhiteElo "2156"]
[BlackElo "2377"]
[WhiteFideId "2003694"]
[BlackFideId "103250"]
[EventDate "2015.05.15"]
[EventType "swiss"]

1. d4 Nf6 2. c4 g6 3. Nc3 d5 4. cxd5 Nxd5 5. e4 Nxc3 6. bxc3 Bg7 7. Nf3 c5 8. h3
O-O 9. Be2 b6 10. O-O Bb7 11. e5 Nc6 12. Be3 cxd4 13. cxd4 Nb4 14. e6 f6 15. h4
Nd5 16. h5 Nc3 17. Qd2 Nxe2+ 18. Qxe2 Qd5 19. hxg6 hxg6 20. Bc1 Rac8 21. a4 g5
22. Ra3 g4 23. Nh4 Qh5 24. g3 Qd5 25. f3 gxf3 26. Raxf3 Qxd4+ 27. R3f2 f5 28.
Kh2 Qe4 29. Ng6 Rfe8 30. Qxe4 Bxe4 31. Bg5 Rc7 32. Nh4 Rc6 33. Nxf5 Bxf5 34.
Rxf5 Rxe6 35. a5 Re5 36. axb6 axb6 37. Rxe5 Bxe5 38. Be3 Rb8 39. Rf5 Bc7 40. Rb5
Kf7 41. Kg2 Ke6 42. g4 Kd7 43. g5 Kc6 44. Rb1 b5 45. Rc1+ Kd6 46. Rxc7 b4 47.
Rc2 b3 48. Rb2 Ke5 49. Kf3 Kf5 50. Ke2 Ke4 51. Bc1 Rb6 52. Kd1 Rb5 53. g6 Rb8
54. g7 1-0

[Event "10th American Continental"]
[Site "Montevideo URU"]
[Date "2015.05.20"]
[Round "7.26"]
[White "Choma, Ernani Francisco"]
[Black "Matsuura, Frederico"]
[Result "0-1"]
[WhiteTitle "FM"]
[BlackTitle "FM"]
[WhiteElo "2361"]
[BlackElo "2270"]
[WhiteFideId "2106922"]
[BlackFideId "2107848"]
[EventDate "2015.05.15"]
[EventType "swiss"]

1. Nf3 d5 2. c4 c6 3. g3 Nf6 4. Bg2 Bf5 5. cxd5 cxd5 6. Qb3 Qb6 7. Nc3 e6 8. d3
Bc5 9. Na4 Qxb3 10. axb3 Bb4+ 11. Bd2 Bxd2+ 12. Kxd2 Nc6 13. Nc5 b6 14. Na6 Kd7
15. b4 Rhc8 16. b5 Na5 17. Nd4 Nb7 18. Nb4 Nd6 19. Ra4 Rc5 20. Na6 Rcc8 21. Rha1
Ke8 22. Nb4 Rc5 23. Rxa7 Rxa7 24. Rxa7 Nxb5 25. Ra8+ Kd7 26. Nxf5 exf5 27. Rb8
Nd4 28. Rxb6 Nb3+ 29. Ke3 d4+ 30. Kf4 h6 31. Nd5 Rxd5 32. g4 Nc1 33. Rxf6 Nxe2+
34. Kf3 fxg4+ 35. Kxg4 Rg5+ 36. Kf3 Ng1+ 0-1

[Event "10th American Continental"]
[Site "Montevideo URU"]
[Date "2015.05.20"]
[Round "7.27"]
[White "Lujan, Carolina"]
[Black "Hernandez, Cristian Andres"]
[Result "1-0"]
[WhiteTitle "IM"]
[BlackTitle "IM"]
[WhiteElo "2353"]
[BlackElo "2250"]
[WhiteFideId "109878"]
[BlackFideId "4402308"]
[EventDate "2015.05.15"]
[EventType "swiss"]

1. e4 c5 2. Nf3 d6 3. g3 Nc6 4. Bg2 g6 5. O-O Bg7 6. Re1 e5 7. c3 Nge7 8. a3 O-O
9. b4 b5 10. a4 bxa4 11. b5 Nb8 12. d4 exd4 13. cxd4 Be6 14. Qxa4 Nd7 15. Bb2 d5
16. Ng5 Nb6 17. Qd1 Bc8 18. Bc3 c4 19. Bb4 Re8 20. Nc3 h6 21. Nf3 dxe4 22. Nxe4
Ned5 23. Bc5 Re6 24. Ne5 Bb7 25. Qc1 f5 26. Nc3 Kh7 27. h4 Qc7 28. Nxd5 Nxd5 29.
Qxc4 Rxe5 30. dxe5 Nb6 31. Qd4 Bxg2 32. Kxg2 Rd8 33. Bd6 Qb7+ 34. Kh2 g5 35. Qd3
Qf7 36. g4 Nc4 37. e6 Qf6 38. Qxc4 fxg4 39. Qc2+ Kh8 40. Be5 Qxe5+ 41. Rxe5
Bxe5+ 42. Kg2 Bxa1 43. Qc7 Rg8 44. hxg5 hxg5 45. e7 Bf6 46. Qd7 Bxe7 47. Qxe7
Rg7 48. Qf8+ Kh7 49. Kg3 1-0

[Event "10th American Continental"]
[Site "Montevideo URU"]
[Date "2015.05.20"]
[Round "7.28"]
[White "Larrea, Manuel"]
[Black "Madeira, Wagner Martins"]
[Result "1-0"]
[WhiteTitle "FM"]
[BlackTitle "FM"]
[WhiteElo "2327"]
[BlackElo "2179"]
[WhiteFideId "3000508"]
[BlackFideId "2100797"]
[EventDate "2015.05.15"]
[EventType "swiss"]

1. e4 c5 2. c3 Nf6 3. e5 Nd5 4. d4 cxd4 5. Nf3 e6 6. cxd4 d6 7. Bc4 Nc6 8. O-O
Be7 9. Qe2 O-O 10. Rd1 Na5 11. Bd3 Nb4 12. exd6 Qxd6 13. Nc3 Nxd3 14. Qxd3 Nc6
15. Ng5 Bxg5 16. Bxg5 Nb4 17. Qf3 Nd5 18. Rac1 Bd7 19. Nxd5 Qxd5 20. Qxd5 exd5
21. Rc7 Bc6 22. Re1 Rfe8 23. Ree7 h6 24. Rxe8+ Rxe8 25. Be3 Rd8 26. g4 Rd7 27.
Rc8+ Kh7 28. f3 Bb5 29. h4 Bd3 30. Kf2 b5 31. Ke1 Bb1 32. a3 a5 33. Rc5 Bd3 34.
b3 h5 35. Kd2 Bf1 36. gxh5 a4 37. bxa4 bxa4 38. Ra5 Rb7 39. Rxa4 Rb3 40. Ra5 Bc4
41. Bg5 f6 42. Bf4 Rd3+ 43. Ke1 Rxf3 44. Bd6 Rh3 45. Ra7 Rxh4 46. Bf8 Rg4 47. a4
Kg8 48. Bc5 Rh4 49. Ra8+ Kh7 50. a5 Rxh5 51. a6 1-0

[Event "10th American Continental"]
[Site "Montevideo URU"]
[Date "2015.05.20"]
[Round "7.29"]
[White "Ibanez, Juan Rodrigo"]
[Black "Acosta, Pablo Ismael"]
[Result "0-1"]
[WhiteTitle "CM"]
[BlackTitle "IM"]
[WhiteElo "2059"]
[BlackElo "2320"]
[WhiteFideId "3002071"]
[BlackFideId "124311"]
[EventDate "2015.05.15"]
[EventType "swiss"]

1. e4 c5 2. Nf3 d6 3. Bb5+ Bd7 4. Bxd7+ Nxd7 5. Qe2 Ngf6 6. O-O Rc8 7. c3 e6 8.
d4 cxd4 9. cxd4 d5 10. e5 Ne4 11. Ne1 Rxc1 12. f3 Ng5 13. Qe3 Rd1 14. h4 Rxd4 0-1

[Event "10th American Continental"]
[Site "Montevideo URU"]
[Date "2015.05.20"]
[Round "7.30"]
[White "Pereira, Silvio Cunha"]
[Black "Guerrero, Alvaro"]
[Result "1-0"]
[WhiteTitle "FM"]
[WhiteElo "2284"]
[BlackElo "2156"]
[WhiteFideId "2100703"]
[BlackFideId "3000478"]
[EventDate "2015.05.15"]
[EventType "swiss"]

1. e4 c6 2. Nc3 d5 3. Nf3 dxe4 4. Nxe4 Bf5 5. Ng3 Bg4 6. Bc4 e6 7. O-O Nf6 8. h3
Bxf3 9. Qxf3 Be7 10. Re1 O-O 11. Rb1 Nbd7 12. b4 b5 13. Bd3 Nd5 14. a3 Qc7 15.
Bb2 Bf6 16. Qe4 g6 17. c4 bxc4 18. Bxc4 Bxb2 19. Rxb2 N7f6 20. Qh4 Qf4 21. Qxf4
Nxf4 22. Rc1 Rad8 23. Bf1 Rd6 24. Rbc2 Rfd8 25. Rxc6 Rxd2 26. Rc7 h5 27. R1c4
N6d5 28. Rxa7 h4 29. Ne4 Rd1 30. Nf6+ Kg7 31. Nxd5 Ne2+ 32. Kh2 Rxf1 33. Ne3
Rxf2 34. Rxh4 Rd3 35. Re4 Nd4 36. Ng4 Ra2 37. Rxf7+ Kxf7 38. Ne5+ Kf6 39. Nxd3
Nf3+ 40. Kg3 Ng5 41. Rf4+ Ke7 42. Ne5 Rxa3+ 43. Kg4 1-0

[Event "10th American Continental"]
[Site "Montevideo URU"]
[Date "2015.05.20"]
[Round "7.31"]
[White "Muniz, Rafael"]
[Black "Carbone, Diego"]
[Result "1-0"]
[BlackTitle "CM"]
[WhiteElo "2281"]
[BlackElo "2052"]
[WhiteFideId "3000486"]
[BlackFideId "3002179"]
[EventDate "2015.05.15"]
[EventType "swiss"]

1. e4 c5 2. Nf3 e6 3. d4 cxd4 4. Nxd4 Nc6 5. Nc3 Qc7 6. g3 a6 7. Bg2 Nf6 8. O-O
Bc5 9. Nb3 Ba7 10. Bf4 Ne5 11. Qe2 O-O 12. a4 d6 13. a5 Bd7 14. Bg5 Rac8 15. Kh1
Nc4 16. Bxf6 gxf6 17. Qg4+ Kh8 18. Qh4 Qd8 19. Rad1 Bc6 20. Nd2 Nxb2 21. Rb1 Bd7
22. Rxb2 Rxc3 23. Rxb7 Bd4 24. e5 Bxe5 25. Qh6 Bc6 26. Rb4 Bxg2+ 27. Kxg2 Rg8
28. Ne4 Rxc2 29. Rfb1 d5 30. Rb7 Rc7 31. Rxc7 Qxc7 32. Nxf6 Rg7 33. Qxg7+ Kxg7
34. Ne8+ Kg6 35. Nxc7 Bxc7 36. Rb6 d4 37. Kf3 Kf5 38. Rxa6 e5 39. g4+ Kg5 40.
Ra7 Bd6 41. Rxf7 d3 42. Rf5+ Kg6 43. Ke3 e4 44. Kxe4 1-0

[Event "10th American Continental"]
[Site "Montevideo URU"]
[Date "2015.05.20"]
[Round "7.32"]
[White "Sabas, Jorge"]
[Black "Caceres Vasquez, Sergio"]
[Result "0-1"]
[WhiteTitle "FM"]
[BlackTitle "FM"]
[WhiteElo "2254"]
[BlackElo "2087"]
[WhiteFideId "101877"]
[BlackFideId "3402169"]
[EventDate "2015.05.15"]
[EventType "swiss"]

1. d4 Nf6 2. c4 g6 3. Nc3 d5 4. cxd5 Nxd5 5. e4 Nxc3 6. bxc3 Bg7 7. Bg5 c5 8.
Rc1 O-O 9. Nf3 Bg4 10. d5 Qd6 11. Be2 Nd7 12. O-O Bxf3 13. Bxf3 b5 14. Be2 c4
15. Qd2 Nc5 16. f3 f5 17. Qe3 f4 18. Qd2 a5 19. Rfd1 Na4 20. Bh4 b4 21. cxb4 c3
22. Qc2 axb4 23. Bf2 Nb2 24. Re1 Rxa2 25. Bc4 Ra3 26. Bb3 Rfa8 27. Rb1 Rxb3 28.
Qxb3 Ra3 29. Qc2 b3 30. Qe2 c2 31. Rbc1 Qa6 32. Rxc2 bxc2 33. Qxc2 Nd3 34. d6
Nxe1 35. d7 Nxf3+ 36. gxf3 Ra1+ 0-1

[Event "10th American Continental"]
[Site "Montevideo URU"]
[Date "2015.05.20"]
[Round "7.33"]
[White "Moreira, Marcelo"]
[Black "Curi, Gabriel"]
[Result "1-0"]
[BlackTitle "FM"]
[WhiteElo "2077"]
[BlackElo "2253"]
[WhiteFideId "3003043"]
[BlackFideId "3000400"]
[EventDate "2015.05.15"]
[EventType "swiss"]

1. e4 e6 2. d4 d5 3. Nc3 Bb4 4. exd5 exd5 5. Bd3 Ne7 6. Qf3 Nbc6 7. Ne2 Be6 8.
a3 Bxc3+ 9. bxc3 Qd7 10. O-O Bf5 11. Ng3 Bxd3 12. cxd3 h5 13. Nxh5 O-O-O 14. Re1
Nf5 15. Qg4 f6 16. Ng3 Nce7 17. Qe2 Kb8 18. Qe6 Nxg3 19. Qxd7 Rxd7 20. fxg3 b6
21. Ra2 Kb7 22. Rae2 Nc6 23. Re6 Na5 24. a4 Nc6 25. Ba3 a5 26. h3 Na7 27. Kf2 c6
28. Ke3 b5 29. Bc5 Rc8 30. Rb1 Ka8 31. axb5 cxb5 32. Ra6 Rxc5 33. dxc5 Re7+ 34.
Kd2 1-0

[Event "10th American Continental"]
[Site "Montevideo URU"]
[Date "2015.05.20"]
[Round "7.34"]
[White "Arias Bouzada, Jorge URU"]
[Black "Pardo, Alejandro"]
[Result "0-1"]
[WhiteTitle "CM"]
[WhiteElo "2070"]
[BlackElo "2247"]
[WhiteFideId "3000389"]
[BlackFideId "4402880"]
[EventDate "2015.05.15"]
[EventType "swiss"]

1. e4 e6 2. d4 d5 3. Nd2 dxe4 4. Nxe4 Be7 5. Nf3 Nd7 6. Bd3 Ngf6 7. O-O c5 8.
Bf4 Nxe4 9. Bxe4 cxd4 10. Qxd4 Nc5 11. Qxd8+ Bxd8 12. Nd2 g5 13. Be3 Be7 14. c4
h6 15. Bc2 a5 16. Rfe1 b6 17. Ne4 f5 18. Bd4 O-O 19. Nxc5 bxc5 20. Be5 Ba6 21.
b3 a4 22. Rad1 axb3 23. axb3 Rfd8 24. Bc7 Rxd1 25. Rxd1 Kf7 26. Be5 Bb7 27. Rd7
Bc8 28. Rc7 Ke8 29. h3 Kd8 30. Rc6 Bd7 31. Rb6 Kc8 32. g4 Bd8 33. Rd6 Bc7 34.
gxf5 Bxd6 35. Bxd6 exf5 36. Bxc5 Ra2 37. Bd3 Rd2 38. Bf1 Bc6 39. Bf8 Rd1 40. f3
h5 41. Kf2 Bxf3 42. Kxf3 Rxf1+ 43. Ke2 Rb1 44. b4 Rb3 45. h4 g4 46. Bd6 Kd7 0-1

[Event "10th American Continental"]
[Site "Montevideo URU"]
[Date "2015.05.20"]
[Round "7.35"]
[White "Fernandez, Maria Florencia"]
[Black "Cardoso Pimenta, Ciro Jose"]
[Result "0-1"]
[WhiteTitle "WIM"]
[WhiteElo "2200"]
[BlackElo "2066"]
[WhiteFideId "116459"]
[BlackFideId "2118599"]
[EventDate "2015.05.15"]
[EventType "swiss"]

1. d4 Nf6 2. c4 g6 3. f3 Bg7 4. e4 d6 5. Nc3 O-O 6. Be3 e5 7. d5 Nh5 8. Qd2 Qh4+
9. g3 Nxg3 10. Qf2 Nxf1 11. Qxh4 Nxe3 12. Kd2 Nxc4+ 13. Kc2 Na6 14. a3 f5 15.
Nh3 Ne3+ 16. Kd2 Ng2 17. Qg5 Nf4 18. Nxf4 exf4 19. h4 Bf6 20. Qg2 Nc5 21. Rae1
Bd7 22. Kc2 a5 23. Qh2 fxe4 24. fxe4 b5 25. Rhg1 b4 26. h5 Be8 27. e5 Bxe5 28.
Rxe5 dxe5 29. Qf2 bxc3 30. Qxc5 cxb2 31. Kxb2 Bf7 32. Qxc7 Rab8+ 33. Ka1 Rfe8
34. Qd6 Kg7 35. h6+ Kxh6 36. Qf6 Bxd5 37. Rd1 Bf3 38. Rd7 Bh5 39. Qg7+ Kg5 40.
Qxh7 f3 41. Qg7 Rb6 42. Rd2 Rbe6 43. Qa7 Kf4 44. Rd3 e4 45. Qe3+ Kf5 46. Rd7 g5
47. Rg7 Bg6 48. Ra7 Re5 49. Ra6 g4 50. Qh6 R8e6 51. Ra8 Rf6 52. Qe3 g3 53. Rh8
f2 54. Rh1 Kg4 55. Qe2+ Rf3 56. Qa6 Bf5 57. Qf1 Kg5 58. Qd1 Re8 59. Qc1+ e3 60.
Qc4 Rf4 61. Qe2 Rh8 62. Rc1 g2 63. Qxe3 f1=Q 0-1

[Event "10th American Continental"]
[Site "Montevideo URU"]
[Date "2015.05.20"]
[Round "7.36"]
[White "Kimelman, Gabriel"]
[Black "Caetano, Hugo Zanotti Mendonca"]
[Result "1/2-1/2"]
[WhiteTitle "CM"]
[WhiteElo "2067"]
[BlackElo "2199"]
[WhiteFideId "3003035"]
[BlackFideId "2119420"]
[EventDate "2015.05.15"]
[EventType "swiss"]

1. c4 e6 2. g3 d5 3. Bg2 Nf6 4. Nf3 Be7 5. O-O O-O 6. d4 dxc4 7. Qc2 a6 8. Qxc4
b5 9. Qc2 Bb7 10. Bd2 Nbd7 11. Ba5 Nb6 12. Nbd2 Rc8 13. Bxb6 cxb6 14. Qd3 Qc7
15. Ne5 Bxg2 16. Kxg2 Qc2 17. Rab1 Rfd8 18. Ndf3 Nd5 19. Ne1 Qa4 20. Ra1 Bf6 21.
N1f3 Qc2 22. Rab1 Bxe5 23. Nxe5 f6 24. Rfc1 Qa4 25. Nf3 Qxa2 26. Qe4 Rxc1 27.
Rxc1 Nb4 28. Qb7 Qd5 29. Qe7 Qd6 30. Qb7 Rd7 31. Qa8+ Rd8 32. Qb7 Rd7 33. Qa8+
Rd8 34. Qb7 Rd7 35. Qa8+ 1/2-1/2

[Event "10th American Continental"]
[Site "Montevideo URU"]
[Date "2015.05.20"]
[Round "7.37"]
[White "Beckerman, M."]
[Black "Contreras, Henry"]
[Result "0-1"]
[BlackTitle "FM"]
[WhiteElo "2025"]
[BlackElo "2193"]
[WhiteFideId "109070"]
[BlackFideId "4400623"]
[EventDate "2015.05.15"]
[EventType "swiss"]

1. e4 c5 2. Nf3 d6 3. c3 Nf6 4. Bd3 g6 5. h3 Bg7 6. O-O O-O 7. Re1 Nc6 8. Bc2
Bd7 9. d4 cxd4 10. cxd4 d5 11. e5 Ne8 12. Nc3 Nc7 13. Bg5 f6 14. Bh4 Be6 15.
exf6 exf6 16. Bg3 Bf7 17. Bb3 Rc8 18. a3 Qd7 19. Ba4 a6 20. b4 b5 21. Bb3 Na8
22. Qd3 Nb6 23. Nh2 Rfe8 24. Ne2 Nc4 25. Nf3 Bf8 26. Bc2 Ra8 27. Bh4 Bg7 28. Nc1
a5 29. Rxe8+ Qxe8 30. bxa5 Rxa5 31. Qc3 Qa8 32. Nb3 Rxa3 33. Rxa3 Qxa3 34. Qe1
Qb2 35. Qd1 Nb4 36. Bb1 Na2 37. Bxa2 Qxa2 38. Nc5 g5 39. Bg3 b4 40. Kh2 Bf8 41.
Qb3 Qxb3 42. Nxb3 Bg6 43. Ne1 Kf7 44. Kg1 Ke6 45. Kf1 Kd7 46. Ke2 Kc6 47. Nd3
Kb5 48. Ndc1 Ka4 49. Kd1 Ka3 50. Bc7 Kb2 51. Nc5 Bc2+ 52. Ke2 Kxc1 53. Kf3 Bxc5
54. dxc5 b3 55. g4 b2 56. c6 b1=Q 57. Bf4+ Kb2 58. c7 Be4+ 0-1

[Event "10th American Continental"]
[Site "Montevideo URU"]
[Date "2015.05.20"]
[Round "7.38"]
[White "Chang, Suzana"]
[Black "Izquierdo, Daniel"]
[Result "1/2-1/2"]
[WhiteTitle "WFM"]
[BlackTitle "FM"]
[WhiteElo "2022"]
[BlackElo "2190"]
[WhiteFideId "2105985"]
[BlackFideId "3000044"]
[EventDate "2015.05.15"]
[EventType "swiss"]

1. c4 e6 2. d4 d5 3. Nc3 c5 4. cxd5 exd5 5. Nf3 Nc6 6. g3 Nf6 7. Bg2 Be7 8. O-O
O-O 9. Bg5 cxd4 10. Nxd4 h6 11. Bxf6 Bxf6 12. Nxc6 bxc6 13. Rc1 Bg4 14. Qa4 Qd7
15. Rfd1 Rfd8 16. Rd2 Rac8 17. Ne4 Be7 18. Nc5 Bxc5 19. Rxc5 Qe7 20. Qc2 Qf6 21.
b4 d4 22. Qe4 Be6 23. Qe5 Qg6 24. Be4 Qg4 25. Bf5 Bxf5 26. Qxf5 Qxf5 27. Rxf5
Rd6 28. Ra5 Rc7 29. Kg2 Re7 30. Rc5 Kh7 31. Rc4 Red7 32. Rdc2 d3 33. exd3 Rxd3
34. Rxc6 Ra3 35. R6c3 Ra4 36. Rb3 Rd1 37. Rc7 Rxa2 38. Rxf7 Rd6 39. Rc3 Rf6 40.
Rxf6 gxf6 41. Rf3 Kg6 42. Rf4 h5 43. Kf3 a5 44. bxa5 Rxa5 45. Rb4 Ra3+ 46. Kf4
Ra2 47. Kf3 Ra3+ 48. Kg2 Ra2 49. h3 Ra3 50. g4 Ra5 51. Kg3 hxg4 52. Rxg4+ Kf5
53. Rg8 Ra3+ 54. f3 Ra1 55. Rg4 Rg1+ 56. Kf2 Ra1 57. Rb4 Kg5 58. h4+ Kg6 59. Rb5
Ra4 60. Kg3 Rc4 61. h5+ Kh6 62. f4 Rc1 63. Rf5 Kg7 64. Rb5 Rg1+ 65. Kf3 Kh6 66.
Rb6 Kxh5 67. Rxf6 Rg6 68. Rf8 Kh6 69. Ke4 Kg7 70. Rf5 Ra6 71. Rc5 Kf6 1/2-1/2

[Event "10th American Continental"]
[Site "Montevideo URU"]
[Date "2015.05.20"]
[Round "7.39"]
[White "Borgeaud Fuentes, Oscar"]
[Black "Sanchez Sandoval, Gonzalo"]
[Result "1/2-1/2"]
[WhiteElo "2003"]
[BlackElo "2187"]
[WhiteFideId "3409325"]
[BlackFideId "3414167"]
[EventDate "2015.05.15"]
[EventType "swiss"]

1. e4 c5 2. Nf3 d6 3. d4 cxd4 4. Nxd4 Nf6 5. Nc3 a6 6. Bg5 e6 7. f4 Be7 8. Qf3
Qc7 9. O-O-O Nbd7 10. g4 b5 11. Bxf6 Nxf6 12. g5 Nd7 13. f5 Nc5 14. f6 gxf6 15.
gxf6 Bf8 16. Rg1 h5 17. Rg7 b4 18. Nd5 exd5 19. exd5 Nd7 20. Nc6 Bb7 21. Bh3
Bxc6 22. dxc6 Ne5 23. Bd7+ Kd8 24. Qe4 Qb6 25. Be6 Kc7 26. Bxf7 Nxc6 27. Kb1
Bxg7 28. fxg7 Rhg8 29. Qh7 Ne7 30. Qe4 1/2-1/2

[Event "10th American Continental"]
[Site "Montevideo URU"]
[Date "2015.05.20"]
[Round "7.40"]
[White "D Andrea, Leonardo"]
[Black "Arcos Facio, Mateo"]
[Result "1/2-1/2"]
[BlackTitle "FM"]
[WhiteElo "1984"]
[BlackElo "2184"]
[WhiteFideId "3005232"]
[BlackFideId "3001199"]
[EventDate "2015.05.15"]
[EventType "swiss"]

1. Nf3 Nf6 2. d4 g6 3. Bf4 Bg7 4. e3 d6 5. Be2 O-O 6. O-O Nbd7 7. c4 e5 8. Bg3
exd4 9. exd4 Nh5 10. Bh4 Ndf6 11. Re1 Nf4 12. Bf1 h6 13. Nc3 g5 14. Bg3 N6h5 15.
Qd2 Bg4 16. Re3 Qf6 17. d5 Rfe8 18. Rae1 Rxe3 19. Qxe3 Bxf3 20. gxf3 a6 21. c5
Qd4 22. cxd6 cxd6 23. Qe7 Qb4 24. Qd7 Qxb2 25. Re8+ Rxe8 26. Qxe8+ Kh7 27. Ne4
Qxa2 28. Bxf4 Nxf4 29. Qxf7 Qb2 30. Qf5+ Kh8 31. Qc8+ Kh7 32. Qf5+ Kh8 33. Qc8+
Kh7 34. Qf5+ 1/2-1/2

[Event "10th American Continental"]
[Site "Montevideo URU"]
[Date "2015.05.20"]
[Round "7.41"]
[White "Andrade, Roberto Luiz Costa"]
[Black "Cimer, Emmanuel"]
[Result "0-1"]
[WhiteTitle "FM"]
[WhiteElo "2177"]
[BlackElo "1982"]
[WhiteFideId "2101521"]
[BlackFideId "137073"]
[EventDate "2015.05.15"]
[EventType "swiss"]

1. e4 c5 2. Nf3 d6 3. c3 Nf6 4. Be2 g6 5. O-O Bg7 6. Re1 O-O 7. Bf1 e5 8. d3 Nc6
9. Nbd2 Nh5 10. h3 Nf4 11. Kh2 f5 12. g3 Ne6 13. Bg2 f4 14. g4 b5 15. a4 b4 16.
Qb3 Qe7 17. a5 Rb8 18. Qa4 Bd7 19. Qd1 Qd8 20. Nc4 Qc7 21. Bd2 Rb5 22. Qa4 Rfb8
23. Bf1 bxc3 24. bxc3 Bf6 25. d4 Rb3 26. Nb6 Ncxd4 27. Qxd7 axb6 28. Qxc7 Nxf3+
29. Kh1 Nxc7 30. Bc4+ Kf8 31. Bxb3 Nxe1 32. Bxe1 bxa5 33. Ba4 Bh4 34. Kg1 Ne6
35. Bc6 Ng5 36. Kg2 f3+ 37. Kf1 Nxh3 38. c4 Rb2 39. Rxa5 Bxf2 40. Ra3 Bxe1 41.
Rxf3+ Nf4 42. Kxe1 Rg2 43. Ra3 Rxg4 44. Ra7 h5 45. Rd7 h4 46. Rxd6 h3 0-1